[Event "45th National Sub Junior 2019"]
[Site "Tiruchengode"]
[Date "2019.07.17"]
[Round "11.1"]
[White "Ajay Karthikeyan"]
[Black "Raja Rithvik R"]
[Result "0-1"]
[WhiteElo "2216"]
[BlackElo "2357"]
[Annotator "TA"]
[PlyCount "80"]
[EventDate "2019.07.09"]
[EventCountry "IND"]
[SourceTitle "playchess.com"]
[Source "ChessBase"]
[SourceQuality "1"]

{[%evp 9,80,-14,11,11,25,14,23,22,32,25,21,31,40,33,35,29,39,31,33,33,37,36,31,17,25,21,25,22,33,42,51,42,36,43,33,33,34,26,36,27,67,64,58,37,52,56,71,82,82,87,124,123,127,97,91,97,102,58,73,50,45,0,36,29,52,-250,-241,-252,-255,-529,-527,-29998,-29999]} 1. d4 Nf6 2. Bf4 d5 3. e3 c5 4. Nf3 ({Predecessor:} 4. c3 Nc6 5. Nd2 cxd4 6. exd4 Bf5 7. Qb3 Qc8 8. Ngf3 {1-0 (48) Batsiashvili,N (2472)-Garcia Martin,M (2315) Heraklio 2017}) 4... Nc6 5. Nbd2 $146 (5. c3 e6 6. Nbd2 cxd4 7. exd4 Nh5 8. Bg5 f6 9. Be3 Bd6 10. g3 O-O 11. Nh4 g6 12. Be2 Ng7 13. O-O e5 14. dxe5 fxe5 {½-½ (59) Aronian,L (2767)-Nakamura,H (2777) chess.com INT 2018}) 5... cxd4 6. exd4 {D02: 1 d4 d5 2 Nf3 sidelines, including 2...Nf6 3 g3 and 2...Nf6 3 Bf4} Bf5 7. c3 e6 8. Qb3 {White has an edge.} Qc8 9. Nh4 Be4 10. Nxe4 dxe4 11. g3 Be7 12. Ng2 O-O 13. Be2 Nd5 14. Bd2 Qd7 15. O-O Rac8 16. Rad1 a6 17. Bc1 b5 18. a3 Na5 19. Qc2 Nf6 20. Ne3 Rfd8 21. Rfe1 Nb7 22. Bf1 a5 23. Qb3 b4 24. a4 bxc3 25. bxc3 Nd6 26. Bd2 Rb8 27. Qa2 Rb7 28. Rb1 Rdb8 29. Rxb7 Qxb7 30. c4 $1 {[%cal Bc3c4,Bc4c5][%mdl 32]} Bd8 31. c5 Nc8 {[%cal Bd6c8,Bc8e7,Be7f5][%mdl 32]} 32. Nc4 Qd5 33. Qa1 Ne7 34. Bxa5 Bxa5 35. Nxa5 Nf5 $1 {[%cal Rf5d4]} 36. Bc4 Qa8 37. Qc3 $2 {[%mdl 8192] [#]} (37. Rb1 $1 $14 {keeps the upper hand.}) 37... e3 $1 $19 {[%mdl 512]} 38. fxe3 Ne4 39. Qc2 $2 {[#]} (39. Qc1 Ng5 40. Bf1) 39... Ng5 $1 {[%cal Rg5h3] ( -> ...Nh3+)} ({Weaker is} 39... Qxa5 40. Rb1 $11) 40. Re2 Nh3+ 0-1

[Event "45th National Sub Junior 2019"]
[Site "Tiruchengode"]
[Date "2019.07.17"]
[Round "11.2"]
[White "Samant Aditya S"]
[Black "Kushagra Mohan"]
[Result "0-1"]
[WhiteElo "2296"]
[BlackElo "2250"]
[Annotator "TA"]
[PlyCount "116"]
[EventDate "2019.07.09"]
[EventCountry "IND"]
[SourceTitle "playchess.com"]
[Source "ChessBase"]
[SourceQuality "1"]

{[%evp 11,116,54,43,27,34,25,28,29,30,24,33,22,33,30,37,66,102,32,76,72,92,79,152,139,141,143,142,100,164,156,162,138,162,131,130,86,107,101,93,0,0,0,0,0,64,0,27,27,45,27,20,33,38,23,26,-6,-6,-11,-12,-10,-18,-12,-16,-33,-25,-41,-41,-60,-60,-120,-120,-146,-144,-379,-370,-1332,-1188,-1226,-435,-651,0,-1214,-1205,-1214,-1241,-1114,-987,-838,-816,-1034,-935,-29979,-29981,-29981,-29982,-29983,-29984,-29984,-29985,-29985,-29986,-29986,-29987,-29987,-29988,-29988,-29985]} 1. e4 d6 2. d4 Nf6 3. Nc3 g6 4. Be3 c6 5. Qd2 b5 6. Bd3 Bg7 7. h3 {B07: Pirc Defence: Miscellaneous Systems} Nbd7 8. Nf3 e5 9. dxe5 {White has an edge.} Nxe5 $146 ({Predecessor:} 9... dxe5 10. O-O Bb7 11. a4 a6 12. Ne2 O-O 13. Ng3 Qe7 14. c4 bxc4 15. Bxc4 c5 {1-0 (42) Paichadze,L (2556)-Onischuk,V (2629) Nakhchivan 2015}) 10. Nxe5 dxe5 11. Bc5 Nd7 12. Bd6 a6 13. a4 Bb7 14. Rd1 (14. axb5 $16 cxb5 15. O-O) 14... Qb6 15. Be2 $36 {[%mdl 2048] White has strong initiative.} Rd8 {[#]} 16. O-O $1 {aiming for a5!} b4 {[#]} ({Better is} 16... Nf8) 17. Nb1 $1 $16 {[%cal Bc3b1,Bb1d2,Bd2c4,Bc4d6][%mdl 32]} (17. Qg5 Bf6 $17) 17... c5 {White must now prevent ...Nf6.} 18. Qe3 (18. Qg5 f6 $14) 18... Qc6 19. a5 ({But not} 19. Qg5 $6 f6 $11) 19... Bf8 (19... Qxe4 $16 20. Qxe4 (20. Qg5 Bf6 $17) 20... Bxe4) 20. Bxf8 $18 Kxf8 21. Qh6+ Ke7 22. Nd2 Qf6 23. Nc4 {Hoping for Nd6.} Qf4 24. Qxf4 exf4 25. Nd6 (25. Rd6 $16) 25... Bc6 $11 26. f3 Ne5 27. Nc4 f6 ({Black should try} 27... Nxc4 $11 28. Bxc4 Rxd1 29. Rxd1 Rb8) 28. Kf2 (28. Nb6 $14) 28... Bb7 29. c3 Nc6 30. Rd5 Rxd5 31. exd5 Ne5 32. Nxe5 (32. d6+ {is more complex.} Kd7 33. cxb4 Nxc4 34. Bxc4 cxb4 35. Rd1) 32... fxe5 $14 {[%mdl 4096] Endgame KRB-KRB} 33. Bc4 Kd6 34. Bb3 bxc3 35. bxc3 Rb8 36. Bc4 Bc8 ({Avoid the trap} 36... Bxd5 $2 37. Rd1 $18) 37. Ra1 Rb2+ 38. Kg1 g5 39. Kf1 h5 $1 40. Rd1 (40. Re1 $15) 40... g4 $17 41. hxg4 hxg4 42. Be2 $2 (42. fxg4 $17 {might work better.} Bxg4 43. Re1) 42... g3 $19 43. c4 $2 (43. Bd3 Rf2+ 44. Kg1) 43... Bf5 44. Ra1 Rb3 (44... Bg6 $142 45. Rc1 Ra2) 45. Ke1 (45. Kg1 $142 e4 46. fxe4 Bxe4 47. Bf1) 45... Rb2 (45... Rb4 $142 46. Rc1 Ra4) 46. Kf1 $1 Bg6 47. Ke1 e4 48. Kf1 exf3 49. Bxf3 Bd3+ {[%mdl 64] Double Attack} 50. Ke1 Bxc4 51. Rc1 Bd3 {Black mates.} 52. Rd1 c4 53. Rd2 Rb1+ 54. Rd1 Rxd1+ 55. Kxd1 c3 56. Kc1 Bc4 57. Bg4 Bxd5 58. Bh3 Be4 {Accuracy: White = 44%, Black = 67%.} 0-1

[Event "45th National Sub Junior 2019"]
[Site "Tiruchengode"]
[Date "2019.07.17"]
[Round "11.3"]
[White "Praloy Sahoo"]
[Black "Rohith Krishna S"]
[Result "0-1"]
[WhiteElo "1905"]
[BlackElo "2312"]
[Annotator "TA"]
[PlyCount "102"]
[EventDate "2019.07.09"]
[EventCountry "IND"]
[SourceTitle "playchess.com"]
[Source "ChessBase"]
[SourceQuality "1"]

{[%evp 16,154,24,24,38,17,45,41,30,29,31,32,51,12,15,0,27,20,50,12,26,8,19,4,1,0,-6,-22,-6,-12,-14,-29,-12,-22,-13,-12,0,-28,0,-11,0,-5,-16,-10,0,0,0,0,0,0,0,0,0,0,0,-39,-21,-39,0,0,0,0,0,0,0,0,0,0,0,0,0,0,0,0,0,0,0,0,0,-8,0,-50,-45,-56,-38,-33,-39,-227,-227,-233,-232,-210,-208,-170,-170,-271,-165,-175,0,0,0,0,0,0,0,0,0,0,0,0,29948,0,0,0,0,0,0,0,0,-599,-596,-591,-588,-29968,-29969,-29968,-29968,-29968,-29966,-29972,-29967,-29971,-29970,-29973,-29974,-29980,-29981,-29981,-29982,-29981,-29983]} 1. e4 e5 2. Nf3 Nc6 3. d4 exd4 4. Nxd4 Bc5 5. Be3 Qf6 6. c3 Nge7 7. Bc4 O-O 8. O-O Bb6 9. Na3 {[%cal Bb1a3,Ba3c4,Bc4e5][%mdl 32]} a6 {C45: Scotch Game} (9... Qg6 10. Nf5 d6 11. Bxb6 cxb6 12. Ng3 Bd7 13. f4 Rad8 14. Nc2 Qh6 15. Ne3 Be6 16. Bb3 Na5 17. Bd5 b5 {0-1 (54) Djukic,N (2565)-Kamsky,G (2667) Cappelle-la-Grande 2016}) 10. Nxc6 $146 ({Predecessor:} 10. Nac2 Ne5 11. Be2 d5 12. f4 Nc4 13. e5 Qg6 14. Bxc4 dxc4 15. Qf3 Bg4 16. Qf2 c5 17. f5 {0-1 (58) Pinheiro,A (2081)-Santos,J (2213) Matosinhos 2016}) 10... Qxc6 11. Bd5 Qg6 {White is slightly better.} 12. Bxb6 Qxb6 13. Nc4 Qg6 14. Ne5 Qf6 15. Nc4 d6 16. Ne3 Qg6 17. Qf3 Rb8 18. Rad1 Re8 19. Qg3 Nxd5 20. Qxg6 hxg6 21. exd5 Bd7 22. Rfe1 g5 23. f3 f6 24. Kf2 Kf7 25. Rd4 Re7 26. Nc4 Bf5 27. h3 Bg6 28. a3 Rxe1 29. Kxe1 $11 {[%mdl 4096] Endgame KRB-KRN} Ke7 30. h4 gxh4 31. Rxh4 Kf7 32. Ne3 Bb1 33. Rc4 Rc8 34. Rb4 b6 35. f4 a5 36. Rd4 Ke7 37. f5 Kf7 38. Kf2 Re8 39. Kf3 Re5 40. Kf4 Ke7 41. b4 axb4 42. axb4 b5 43. c4 bxc4 44. Rxc4 Kd7 45. Rd4 Kc8 46. g4 Kb7 47. b5 Re8 48. Rb4 Bd3 49. Rb3 Re4+ 50. Kf3 Rd4 51. Ng2 $2 (51. Kg3 $15) 51... Bc2 {Played: Bd3-c4} 0-1

[Event "45th National Sub Junior 2019"]
[Site "Tiruchengode"]
[Date "2019.07.17"]
[Round "11.4"]
[White "Pranav, V."]
[Black "Sanket Chakravarty"]
[Result "1-0"]
[WhiteElo "2312"]
[BlackElo "2107"]
[Annotator "TA"]
[PlyCount "47"]
[EventDate "2019.07.09"]
[EventCountry "IND"]
[SourceTitle "playchess.com"]
[Source "ChessBase"]
[SourceQuality "1"]

{[%evp 9,59,-33,12,-14,-11,-17,-6,0,0,0,45,0,0,-9,0,0,0,-27,74,69,75,93,82,61,259,240,291,308,314,266,239,189,342,351,407,458,403,164,456,328,1282,1253,1327,1368,2045,1973,1987,1862,1495,1066,6444,5029]} 1. e4 c5 2. Nf3 e6 3. b3 a6 4. Bb2 Nc6 5. Nc3 Qc7 (5... d5 6. exd5 exd5 7. Qe2+ Be6 8. O-O-O d4 9. Ne4 Be7 10. Kb1 h6 11. Ne1 Nf6 12. Nd3 Nxe4 13. Qxe4 {0-1 (24) Antipov,M (2569)-Artemiev,V (2676) Khanty-Mansiysk 2015}) 6. Qe2 {B40: Sicilian: 2...e6, Unusual lines} d6 7. O-O-O Nf6 8. d4 {The position is equal.} cxd4 9. Nxd4 Be7 10. g4 (10. Nxc6 $14 bxc6 11. Kb1) 10... Nxd4 $11 11. Rxd4 b5 $146 ({Predecessor:} 11... e5 12. Rc4 Qd8 {1-0 (25) Kyrkjebo,E (1963)-Andersen,P (2122) Fagernes 2011}) 12. g5 Nd7 13. h4 Bb7 (13... h6 $1 $11) 14. Bh3 $16 Nc5 15. f4 O-O 16. Rhd1 d5 $2 ({Better is} 16... Rfe8 $14) 17. exd5 $18 b4 18. Rxb4 Nd3+ 19. Qxd3 Bxb4 20. Qd4 (20. dxe6 Rad8 $16) 20... Bd6 $2 (20... Qc5) 21. Ne2 {[%csl Gb2][%cal Rd4g7]} (21. dxe6 Bxf4+ 22. Kb1 fxe6 $16) 21... f5 {[#]} 22. gxf6 $1 {Rg1 is the strong threat.} (22. dxe6 Rad8 $11) 22... Bxd5 23. Rg1 $40 {[%mdl 128] White is out for blood.} ({Much less strong is} 23. fxg7 Rf7 $18) (23. Nc3 $142 Bxf4+ 24. Kb1) 23... g6 $2 (23... Rf7) 24. Kb1 {Played: f4-f5} 1-0

[Event "45th National Sub Junior 2019"]
[Site "Tiruchengode"]
[Date "2019.07.17"]
[Round "11.5"]
[White "Aaryan Varshney"]
[Black "Srihari, L."]
[Result "1-0"]
[WhiteElo "2284"]
[BlackElo "2077"]
[Annotator "TA"]
[PlyCount "101"]
[EventDate "2019.07.09"]
[EventCountry "IND"]
[SourceTitle "playchess.com"]
[Source "ChessBase"]
[SourceQuality "1"]

{[%evp 29,109,39,50,64,62,53,66,70,62,67,67,68,68,65,76,41,94,56,189,198,212,212,215,168,147,158,169,179,152,151,178,152,218,204,258,199,205,103,214,211,160,158,195,158,174,172,195,55,64,48,157,157,157,157,157,157,157,157,662,623,2674,2667,2529,2035,1189,1033,2714,2560,1960,1825,9919,9487,6628,6170,5727,2062,5539,2878,29984,29985,29983,29983]} 1. d4 Nf6 2. Nf3 g6 3. c4 Bg7 4. Nc3 d6 5. e4 O-O 6. Be2 e5 7. O-O Nc6 8. d5 Ne7 9. Ne1 Nd7 10. Be3 ({Predecessor:} 10. f3 f5 11. Bg5 f4 12. Bh4 Rf7 13. Nd3 h6 14. Bf2 g5 15. c5 Nf6 16. Kh1 Ng6 17. Rc1 {½-½ (52) Millstone,M (2432)-Lesko,A (2414) ICCF email 2014}) 10... f5 11. f3 f4 12. Bf2 g5 13. Nd3 Nf6 14. c5 Ng6 15. Rc1 Rf7 16. Kh1 {E99: King's Indian: Classical Main Line: 9 Ne1 Nd7 10 f3 f5} h5 $146 (16... Bf8 17. Rg1 Rg7 18. b4 h5 19. Qd2 g4 20. g3 fxg3 21. Rxg3 a5 22. a3 axb4 23. axb4 c6 24. dxc6 bxc6 25. cxd6 Qxd6 {½-½ (41) Lenderman,A (2599)-Nakamura,H (2787) Saint Louis 2018}) 17. Nb5 {[%cal Bc3b5,Bb5a3,Ba3c4][%mdl 32]} a6 18. Na3 {White is slightly better.} g4 19. cxd6 cxd6 20. Nc4 g3 21. Bb6 Qe7 22. Bg1 {Strongly threatening Nb6.} Nd7 (22... Bd7 $14) 23. Qe1 $36 {[%mdl 2048] White fights for an advantage.} b5 {[#]} (23... h4 $14) 24. Nxd6 $1 $18 {[%mdl 576] Discovered Attack} Qxd6 25. Rc6 Qe7 26. Rxg6 Nf8 27. Rc6 h4 28. h3 Qg5 29. Rxc8 $1 Rxc8 30. Nc5 Qf6 (30... Rf6 $16) 31. Qa5 Nd7 32. b4 Nb8 {[#]} 33. a4 (33. Ne6 $1 $18) 33... bxa4 (33... Qd8 $16) 34. Qxa4 Bf8 35. Ra1 {[%mdl 1024] White has strong compensation.} Qd6 36. Qb3 Ra7 37. Qb2 a5 38. Nd3 ({Don't do} 38. bxa5 Rxc5 39. Bxc5 Qxc5) (38. Bb5 $18) 38... Rb7 $14 {[%cal Ra5b4]} 39. Rxa5 {Threatens to win with Nc5.} Rxb4 (39... Na6 $14) 40. Nxb4 $16 Qxb4 41. Qxe5 {Intending Qe6+ and mate.} Rc1 {[#] ( -> ...Rxg1+!)} 42. Ra1 $1 {[%cal Ra1c1]} Rxa1 43. Qxa1 Bg7 $2 (43... Bc5 $16 44. Bxc5 Qxc5) 44. Qc1 $18 Qb2 45. Qc8+ Kh7 46. Qf5+ Kh8 47. Qxf4 Qxe2 48. Qxh4+ Kg8 49. Qd8+ {[%mdl 64] Double Attack} Kh7 50. Qxb8 Qe1 51. Qb6 {Played: Qb8-a7} 1-0

[Event "45th National Sub Junior 2019"]
[Site "Tiruchengode"]
[Date "2019.07.17"]
[Round "11.6"]
[White "Nikhil Magizhnan"]
[Black "Anadkat Kartavya"]
[Result "0-1"]
[WhiteElo "2164"]
[BlackElo "1941"]
[Annotator "TA"]
[PlyCount "118"]
[EventDate "2019.07.09"]
[EventCountry "IND"]
[SourceTitle "playchess.com"]
[Source "ChessBase"]
[SourceQuality "1"]

{[%evp 15,118,9,0,0,0,0,0,0,0,0,12,18,22,21,26,31,64,52,104,101,139,116,135,66,74,64,123,42,50,54,77,78,214,49,61,48,52,58,48,12,8,14,8,0,0,0,0,0,0,0,0,0,0,0,0,0,0,0,0,0,0,0,0,0,0,0,21,0,0,0,10,0,4,9,7,0,0,0,132,0,0,0,0,0,54,24,132,132,132,132,132,0,0,0,0,0,356,30,470,-1614,-1600,-5624,-5622,-4714,-4710]} 1. e4 e5 2. Nf3 Nc6 3. Bb5 a6 4. Bxc6 dxc6 5. O-O Bg4 6. h3 Bh5 7. g4 Bg6 8. Nxe5 Qh4 9. Qf3 {C68: Ruy Lopez: Exchange Variation, sidelines} f6 10. Nxg6 hxg6 11. Kg2 {The position is equal.} g5 12. d4 (12. d3 Ne7 13. Rh1 Qh7 14. Kf1 O-O-O 15. Be3 Kb8 16. Nd2 Qg8 {1-0 (49) So,W (2650)-Kolev,A (2604) Philadelphia 2012}) 12... O-O-O $146 ({Predecessor:} 12... Ne7 13. Rh1 O-O-O 14. Be3 Kb8 {1-0 (29) Arman,D (2304)-Bryntze,S (2175) Stockholm 2011}) 13. Be3 Ne7 14. Nd2 $36 {[%mdl 2048] White has the initiative.} Kb8 15. Rh1 Ng6 16. Qf5 Qh6 (16... Ne7 $14 17. Qa5 Re8) 17. Nf3 $16 Ne7 18. Qe6 $1 Qg6 19. Nd2 (19. Rae1 $1 $16) 19... Qe8 20. Rae1 Rh6 ({Better is} 20... Rd6 $1 $14 21. Qb3 Ng6) 21. Qb3 (21. Nf3 $16) 21... Ng6 $14 22. Nf3 Rh8 23. e5 {Black must now prevent exf6.} c5 (23... Qd7 $16) 24. d5 $2 ({White has to play} 24. exf6 $18 Qc6 25. Bxg5) 24... Nxe5 25. Nxe5 Qxe5 26. Bxc5 Qf4 27. Be3 Qe4+ 28. f3 Qxd5 29. Rd1 Qxd1 30. Rxd1 Rxd1 31. c4 Rd7 32. c5 {And now c6! would win.} c6 33. Qe6 Re7 34. Qd6+ Kc8 35. Qd3 $1 Re5 36. f4 Rd5 37. Qg6 {[%cal Rf4g5]} Bxc5 38. Qxg7 Rhd8 39. Bxc5 Rxc5 40. Qxf6 gxf4 41. Qxf4 $11 {[%mdl 4096] Endgame KQ-KRR} Rc2+ 42. Kg3 {Strongly threatening Qf5+.} Rcd2 43. Qe5 R8d4 44. Kh4 R2d3 45. Qf5+ Kc7 46. Qf1 Kc8 (46... Rd8 $11) 47. Qf5+ (47. Kh5 $1 $16) 47... Kc7 48. Qf7+ Kc8 49. Qf1 Kc7 (49... Rd8 $11) 50. Kh5 Rd6 (50... Rd8 $11 {remains equal.}) 51. g5 $1 $16 R3d5 52. h4 c5 53. Kg4 (53. Qf8 $16) 53... Rd4+ $11 54. Kg3 Rd3+ 55. Kf2 {Hoping for h5.} b5 $2 {[%mdl 8192]} (55... R6d4 $1 $11 {and Black has nothing to worry.} 56. Qc1 Kb6) 56. h5 $1 $18 {aiming for Qc1.} Rd1 $2 {[%mdl 8192] [#]} (56... R6d4 $1 $11 57. Qc1 Rc4) 57. Qe2 $4 {[%mdl 8192] [#]} (57. Qxd1 $3 $18 {[%mdl 512]} Rxd1 58. g6) 57... R6d2 $1 $19 {[%cal Rd2e2] Black is clearly winning.} 58. h6 Rxe2+ 59. Kxe2 Rh1 {Accuracy: White = 56%, Black = 50%.} 0-1

[Event "45th National Sub Junior 2019"]
[Site "Tiruchengode"]
[Date "2019.07.17"]
[Round "11.6"]
[White "Nikhil Magizhnan"]
[Black "Anadkat Kartavya"]
[Result "*"]
[WhiteElo "2164"]
[BlackElo "1941"]
[Annotator "ChessBase"]
[PlyCount "62"]
[EventDate "2019.07.09"]
[EventCountry "IND"]
[SourceTitle "playchess.com"]
[Source "ChessBase"]
[SourceQuality "1"]
[TimeControl "5400+30"]

1. e4 {[%emt 0:00:00]} e5 {[%emt 0:00:00]} 2. Nf3 {[%emt 0:00:00]} Nc6 {[%emt 0:00:00]} 3. Bb5 {[%emt 0:00:01]} a6 {[%emt 0:00:00]} 4. Bxc6 {[%emt 0:00:24]} dxc6 {[%emt 0:00:00]} 5. O-O {[%emt 0:00:05]} Bg4 {[%emt 0:00:00]} 6. h3 {[%emt 0:00:26]} Bh5 {[%emt 0:00:00]} 7. g4 {[%emt 0:01:08]} Bg6 {[%emt 0:00:00]} 8. Nxe5 {[%emt 0:00:04]} Qh4 {[%emt 0:00:00]} 9. Qf3 {[%emt 0:01:35]} f6 {[%emt 0:00:00]} 10. Nxg6 {[%emt 0:01:23]} hxg6 {[%emt 0:00:16]} 11. Kg2 {[%emt 0:00:35]} g5 {[%emt 0:00:01]} 12. d4 {[%emt 0:08:42]} O-O-O {[%emt 0:01:56]} 13. Be3 {[%emt 0:00:32]} Ne7 {[%emt 0:00:54]} 14. Nd2 {[%emt 0:15:42]} Kb8 {[%emt 0:02:01]} 15. Rh1 {[%emt 0:01:52]} Ng6 {[%emt 0:04:12]} 16. Qf5 {[%emt 0:04:58]} Qh6 {[%emt 0:04:21]} 17. Nf3 {[%emt 0:01:18]} Ne7 {[%emt 0:00:02]} 18. Qe6 {[%emt 0:01:37]} Qg6 {[%emt 0:01:31]} 19. Nd2 {[%emt 0:08:12]} Qe8 {[%emt 0:04:05]} 20. Rae1 {[%emt 0:08:04]} Rh6 {[%emt 0:01:25]} 21. Qb3 {[%emt 0:02:57]} Ng6 {[%emt 0:00:30]} 22. Nf3 {[%emt 0:01:26]} Rh8 {[%emt 0:07:54]} 23. e5 {[%emt 0:08:40]} c5 {[%emt 0:03:49]} 24. d5 {[%emt 0:03:44]} Nxe5 {[%emt 0:07:47]} 25. Nxe5 {[%emt 0:00:21]} Qxe5 {[%emt 0:05:04]} 26. Bxc5 {[%emt 0:00:58]} Qf4 {[%emt 0:00:39]} 27. Be3 {[%emt 0:13:19]} Qe4+ {[%emt 0:03:19]} 28. f3 {[%emt 0:00:05]} Qxd5 {[%emt 0:03:12]} 29. Rd1 {[%emt 0:00:11]} Qxd1 {[%emt 0:00:06]} 30. Rf1 {[%emt 0:16:41]} Qe1 31. Rxe1 {[%emt 0:00:00]} Rd1 {[%emt 0:00:33]} *

[Event "45th National Sub Junior 2019"]
[Site "Tiruchengode"]
[Date "2019.07.17"]
[Round "11.7"]
[White "Pranesh M"]
[Black "Devesh Anand Naik"]
[Result "1/2-1/2"]
[WhiteElo "2343"]
[BlackElo "1943"]
[Annotator "TA"]
[PlyCount "48"]
[EventDate "2019.07.09"]
[EventCountry "IND"]
[SourceTitle "playchess.com"]
[Source "ChessBase"]
[SourceQuality "1"]

{[%evp 16,48,25,14,32,36,40,29,62,47,49,57,56,39,139,117,79,-4,0,-41,-41,-100,-94,-94,-96,-98,-111,-124,0,0,0,-110,0,0,0]} 1. e4 e6 2. d4 d5 3. Nd2 Nf6 4. e5 Nfd7 5. c3 c5 6. Bd3 Nc6 7. Ngf3 Be7 8. O-O g5 9. dxc5 Bxc5 {C06: French Tarrasch: 3...Nf6 4 e5 Nfd7 5 Bd3 main lines} (9... Ndxe5 10. Bc2 Ng6 11. b4 O-O 12. Re1 f5 13. Nb3 g4 14. b5 gxf3 15. bxc6 bxc6 16. Qxf3 e5 17. Bh6 {1-0 (51) Mista,A (2595)-Bartel,M (2604) Warsaw 2018}) 10. Nb3 Be7 $1 11. Re1 g4 {White has an edge.} 12. Nfd4 {Threatens to win with Nxc6.} Ncxe5 13. Bb5 {[#] Hoping for Rxe5.} Bd6 14. Nf5 $146 {[%mdl 1024] White has compensation.} ({Predecessor:} 14. f4 gxf3 15. Nxf3 Nxf3+ 16. Qxf3 Bxh2+ {0-1 (28) Matonte,M-Zarnicki,P (2260) Piriapolis 1987}) 14... Bc7 (14... exf5 $14 15. Qxd5 Qc7) 15. Ng7+ Kf8 16. Nh5 (16. Bxd7 $16 Bxd7 17. Bh6) 16... Qh4 $11 17. Ng3 h5 $36 {[%mdl 2048] Black has good play.} 18. Qd4 ({Better is} 18. Bxd7 $15 Nxd7 19. Qd4) 18... Qf6 19. Nc5 Nxc5 20. Qxc5+ {[%mdl 64] [#] Double Attack} Qe7 21. Qd4 Qf6 22. Qc5+ Qe7 23. Qd4 $1 Qf6 ({Black should play} 23... h4 $17 24. Nf1 (24. Rxe5 Bxe5 25. Qxe5 f6 $17) 24... f6) 24. Qc5+ Qe7 {Accuracy: White = 61%, Black = 44%.} 1/2-1/2

[Event "45th National Sub Junior 2019"]
[Site "Tiruchengode"]
[Date "2019.07.17"]
[Round "11.8"]
[White "Rathneesh R"]
[Black "Aditya Varun Gampa"]
[Result "0-1"]
[WhiteElo "2226"]
[BlackElo "1918"]
[Annotator "TA"]
[PlyCount "64"]
[EventDate "2019.07.09"]
[EventCountry "IND"]
[SourceTitle "playchess.com"]
[Source "ChessBase"]
[SourceQuality "1"]

{[%evp 21,76,37,41,39,41,10,18,-10,6,-48,-62,-54,-34,-49,22,15,116,123,220,122,214,63,46,63,47,53,58,52,50,21,50,-152,-145,-144,-116,-205,-204,-401,-402,-418,-411,-923,-836,-29988,-29989,-29991,-29992,-29992,-29993,-29993,-29994,-29994,-29995,-29995,-29996,-29996,-29997]} 1. e4 c5 2. Nf3 d6 3. d4 cxd4 4. Nxd4 Nf6 5. Nc3 a6 6. Be3 e5 7. Nb3 Be6 8. f3 h5 9. Qd2 Nbd7 10. O-O-O Rc8 11. Kb1 Be7 12. f4 {B90: Sicilian Najdorf: Unusual White 6th moves, 6 Be3 Ng4 and 6 Be3 e5} (12. h4 b5 13. Bg5 Qb6 14. Nd5 Nxd5 15. exd5 Bf5 16. Bd3 Bxd3 17. Qxd3 Qd8 18. Be3 Rc4 19. Nd2 Rxh4 20. Rxh4 Bxh4 {1-0 (44) Yu,Y (2751)-Zhou,J (2597) Shenzhen 2017}) 12... b5 13. Bd3 Nb6 14. Bxb6 {The position is equal.} Qxb6 15. Nd5 (15. Rhe1 $11) 15... Bxd5 $15 ({Don't play} 15... Nxd5 $6 16. exd5 Bd7 17. Rde1 $14) 16. exd5 e4 17. Be2 b4 $146 ({Black should play} 17... O-O $15) ({Predecessor:} 17... O-O 18. h3 Qf2 19. Bf1 Qg3 {0-1 (33) Bruaset,E (2108)-Nordquelle,D (2220) Kragero 2018}) 18. Qd4 $36 {[%mdl 2048] White is more active.} Qc7 (18... Bd8 $11 {remains equal.}) 19. Bxa6 $16 Qxc2+ {[%mdl 64] Double Attack} 20. Ka1 Ra8 {[#]} (20... Rd8 $16) 21. Bb7 $2 ({White must play} 21. Bb5+ $1 $18 Kf8 22. Bc6 Qxb3 23. Bxa8) 21... O-O $1 $14 {White must now prevent ...Qxb3.} 22. Bxa8 Rxa8 23. Qxb4 Qxg2 24. Qb7 Re8 25. Nd4 {Hoping for Nf5.} e3 26. Nf5 $2 (26. Rhe1 $14 {stays ahead.} Bf8 27. Qb3) 26... Bf8 $17 {And now ...e2 would win.} 27. Rdg1 e2 {( -> ...Qxg1+!)} 28. a3 (28. Ne7+ $17 {was called for.} Rxe7 29. Qxe7 Qxg1+ 30. Rxg1 Bxe7 31. Re1) 28... Qf2 $19 29. Qb4 $2 (29. Re1 g6 30. Rhg1) 29... Nxd5 30. Qa5 g6 31. Ng3 {[#]} (31. Qxd5 $142 e1=Q+ 32. Rxe1 Rxe1+ 33. Rxe1 Qxe1+ 34. Ka2 gxf5 35. Qxf5) 31... Bg7 $1 {[%mdl 512]} 32. Re1 {[#]} Rb8 {Played: Bg7xb2} 0-1